000 00518nmm a2200157Ia 4500
008 251105s9999||||xx |||||||||||||||||und||
020 _a9788499838403
041 _aspa
100 _aAradillas Agudo, Antonio
245 0 _a¡¡Maltratadas!! Historias íntimas de una mujer "bien casada"
264 _a[Madrid, España] :
_bVision Libros,
_c[Fecha de publicación no identificada]
300 _a200 páginas
650 _aSpanish narrative
856 _uhttps://public.digitaliapublishing.com/a/89280
942 _cCF
999 _c93258
_d93258